Capitalism and modern social theory: An analysis of the writings of Marx, Durkheim and Max Weber (Record no. 314276)
[ view plain ]
| 000 -LEADER | |
|---|---|
| fixed length control field | 00585nam a2200205 4500 |
| 005 - DATE & TIME | |
| control field | 20260312121913.0 |
| 008 - FIXED-LENGTH DATA ELEMENTS--GENERAL INFORMATION | |
| fixed length control field | 240228b |||||||| |||| 00| 0 eng d |
| 020 ## - ISBN | |
| International Standard Book Number | 9788185618067 |
| Price | Rs. 395.00 |
| 040 ## - CATALOGING SOURCE | |
| Original cataloging agency | VIVEKANANDA LIBRARY |
| 082 ## - DDC NUMBER | |
| Classification number | 301.04 |
| Book Number | G36C |
| 100 ## - MAIN ENTRY--PERSONAL NAME | |
| Personal name | Giddens, Anthony |
| 245 ## - TITLE STATEMENT | |
| Title | Capitalism and modern social theory: An analysis of the writings of Marx, Durkheim and Max Weber |
| 260 ## - PUBLICATION, DISTRIBUTION, ETC. (IMPRINT) | |
| Place of publication, distribution, etc | New Delhi |
| Name of publisher, distributor, etc | Cambridge University Press |
| Date of publication, distribution, etc | 2009 |
| 300 ## - PHYSICAL DESCRIPTION | |
| Pages | xvii, 261 |
| 650 ## - Subject | |
| Subject | Sociology |
| 650 ## - Subject | |
| Subject | Capitalalism |
| 650 ## - Subject | |
| Subject | Social Theory |
| 942 ## - ADDED ENTRY ELEMENTS (KOHA) | |
| Koha item type | Books |
| Withdrawn status | Lost status | Source of classification or shelving scheme | Damaged status | Not for loan | Location (home branch) | Sublocation or collection (holding branch) | Date acquired | Koha issues (times borrowed) | Koha full call number | Accession No. | Koha date last seen | Koha item type | Shelving location |
|---|---|---|---|---|---|---|---|---|---|---|---|---|---|
| Dewey Decimal Classification | VIVEKANANDA LIBRARY | VIVEKANANDA LIBRARY | 28/02/2024 | 301.04 G36C | 404169 | 28/02/2024 | Books | ||||||
| Dewey Decimal Classification | VIVEKANANDA LIBRARY | VIVEKANANDA LIBRARY | 18/02/2026 | 301.04 G36C | 438452 | 18/02/2026 | Books | Vivekananda Library |
